Amy Adams Filmography - Statistics

General Stats
  • This quiz has been taken 341 times
    59 since last reset
  • The average score is 21 of 85
Answer Stats
Type Year Name % Correct
Film 2016 Arrival
76%
Film 2007 Enchanted
76%
Film 2013 American Hustle
68%
Film 2022 Disenchanted
62%
TV Film 2021 Zack Snyder's Justice League
62%
Film 2016 Batman v Superman: Dawn of Justice
59%
Film 2017 Justice League
59%
Film 2024 Nightbitch
59%
Film 2002 Catch Me If You Can
56%
Film 2013 Man of Steel
56%
Film 2018 Vice
56%
TV Show 2008, 2014 Saturday Night Live
53%
Film 2012 The Master
53%
Film 2010 The Fighter
50%
Film 2016 Nocturnal Animals
47%
Film 2008 Doubt
44%
Film 2005 Junebug
44%
Film 2020 Hillbilly Elegy
41%
TV Mini-Series 2018 Sharp Objects
41%
Film 2011 The Muppets
41%
Film 2010 Leap Year
38%
Film 2006 Talladega Nights: The Ballad of Ricky Bobby
38%
Film 2021 Dear Evan Hansen
35%
Film 2009 Julie & Julia
35%
Film 2009 Night at the Museum: Battle of the Smithsonian
32%
TV Show 2005-2006 The Office
32%
Film 2021 The Woman in the Window
32%
Film 2007 Charlie Wilson's War
26%
Film 1999 Drop Dead Gorgeous
26%
Film 2013 Her
26%
Film 2005 The Wedding Date
26%
Film 2014 Big Eyes
24%
Film 2012 On the Road
24%
TV Show 2001 Smallville
24%
Film TBA At the Sea
21%
TV Show 2000 Buffy the Vampire Slayer
21%
TV Show 2000 Charmed
21%
Film 2001 Cruel Intentions 2
21%
Theater 2012 Into the Woods
21%
Film 2006 Tenacious D in The Pick of Destiny
21%
TV Show 2000 That '70s Show
21%
Film 2012 Trouble with the Curve
21%
Web Series 2025 Cape Fear
18%
Music Video 2020 Imagine (Stand for Corona)
18%
TV Show 2004 King of the Hill
18%
Film 2026 Klara and the Sun
18%
Film 2008 Miss Pettigrew Lives for a Day
18%
Film 2002 Serving Sara
18%
TV Show 2011 Sesame Street
18%
Film 2006 The Ex
18%
Film 2004 The Last Run
18%
TV Show 2002 The West Wing
18%
TV Show 2004 Dr. Vegas
15%
Music Video 2008 Hero Song
15%
Film 2010 Love & Distrust
15%
Film 2000 Psycho Beach Party
15%
Film 2005 Standing Still
15%
Film 2008 Sunshine Cleaning
15%
Film 2002 The Slaughter Rule
15%
Film 2007 Underdog
15%
Film 2014 Lullaby
12%
Film 2009 Moonlight Serenade
12%
Short Film 2006 Pennies
12%
TV Show 2000 Providence
12%
Film 2002 Pumpkin
12%
Theater 2022 The Glass Menagerie
12%
TV Show 2000 Zoe, Duncan, Jack and Jane
12%
Web Mini-Series TBA Kings of America
9%
Film TBA Lazy Susans
9%
Documentary 2005 Stephen Tobolowsky's Birthday Party
9%
Short Film 2000 The Chromium Hook
9%
Short Film 2007 Vanity Fair: Killers Kill, Dead Men Die
9%
Theater 1994 A Chorus Line
3%
TV Show 2008 American Idol
3%
TV Special 2017 Amy Adams: An American Cinematheque Tribute
3%
TV Special 2023 Disney 100: Remember That
3%
TV Documentary 2013 Henry Cavill: Becoming Superman
3%
Short Documentary 2018 Justice League: Heart of Justice
3%
Web Special 2013 Man of Steel: The Yahoo Live Fan Event
3%
Theater 1997 State Fair
3%
Documentary Series 2017 The Hollywood Masters
3%
TV Special 2022 The Wonderful World of Disney: Magical Holiday Celebration
3%
Short Film 2013 Back Beyond
0%
Commercial 1997 Commercial Federal Bank
0%
Theater 2005-2006 Joseph and the Amazing Technicolor Dreamcoat
0%
No matching quizzes found
Score Distribution
Percent of People with Each Score
Percentile by Number Answered
Your Score History
You have not taken this quiz since the last reset